স্মৃতি অম্লান : (Record no. 47705)
[ view plain ]
| 000 -LEADER | |
|---|---|
| fixed length control field | 01037nam a2200229 a 4500 |
| 001 - CONTROL NUMBER | |
| control field | 47705 |
| 003 - CONTROL NUMBER IDENTIFIER | |
| rucl marc code | BD-RjUL |
| 005 - DATE AND TIME OF LATEST TRANSACTION | |
| control field | 20211209054356.0 |
| 008 - FIXED-LENGTH DATA ELEMENTS--GENERAL INFORMATION | |
| fixed length control field | 160810s2006 bg ||||| |||| 00| 0 ben d |
| 020 ## - INTERNATIONAL STANDARD BOOK NUMBER | |
| International Standard Book Number | 9843228693 |
| Terms of availability | : Tk.100.00 |
| 035 ## - SYSTEM CONTROL NUMBER | |
| System control number | (BD-RjUL)47824 |
| 040 ## - CATALOGING SOURCE | |
| Original cataloging agency | BD-RjUL |
| Language of cataloging | ben |
| Transcribing agency | BD-RjUL |
| Modifying agency | BD-RjUL |
| 041 ## - LANGUAGE CODE | |
| Language code of text/sound track or separate title | ben |
| 082 ## - DEWEY DECIMAL CLASSIFICATION NUMBER | |
| Edition number | 23 |
| Classification number | 370.92 |
| Author mark and year | SMR 2006 |
| 245 ## - TITLE STATEMENT | |
| Title | স্মৃতি অম্লান : |
| Remainder of title | কাজী আবদুল লতীফ স্মারক গ্রন্থ / |
| Statement of responsibility, etc. | সম্পাদনায় এ. কে. এম. আজহারুল ইসলাম |
| 260 ## - PUBLICATION, DISTRIBUTION, ETC. (IMPRINT) | |
| Place of publication, distribution, etc. | চট্টোগ্রাম : |
| Name of publisher, distributor, etc. | ড. শামসুন্নাহার ইসলাম, |
| Date of publication, distribution, etc. | ২০০৬. |
| 300 ## - PHYSICAL DESCRIPTION | |
| Pagination | ২৮২ পৃ. : |
| Illustrations | চিত্র ; |
| Size | ২১ সেমি. |
| 650 ## - SUBJECT ADDED ENTRY--TOPICAL TERM | |
| Topical term or geographic name as entry element | শিক্ষাবিদ |
| Form subdivision | জীবনী |
| 9 (RLIN) | 135976 |
| Topical term or geographic name as entry element | Educators |
| Form subdivision | Biography |
| 9 (RLIN) | 144912 |
| 700 ## - ADDED ENTRY--PERSONAL NAME | |
| Personal name | ইসলাম, এ. কে. এম. আজহারুল সম্পাদনায় |
| 942 ## - ADDED ENTRY ELEMENTS (KOHA) | |
| Source of classification or shelving scheme | Dewey Decimal Classification |
| Koha item type | Books |
| Lost status | Source of classification or shelving scheme | Damaged status | Not for loan | Collection code | Permanent Location | Current Location | Shelving location | Date acquired | Source of acquisition | Total Checkouts | Full call number | Date last seen | Copy number | Koha item type |
|---|---|---|---|---|---|---|---|---|---|---|---|---|---|---|
| Dewey Decimal Classification | Non-fiction | Central Library, University of Rajshahi | Central Library, University of Rajshahi | 08/10/2006 | Gift | B 370.92 SMR 2006 | 10/08/2016 | C-2 | Books | |||||
| Dewey Decimal Classification | Non-fiction | Central Library, University of Rajshahi | Central Library, University of Rajshahi | 08/10/2006 | Gift | B 370.92 SMR 2006 | 10/08/2016 | C-3 | Books | |||||
| Dewey Decimal Classification | Not For Loan | Non-fiction | Central Library, University of Rajshahi | Central Library, University of Rajshahi | Reading Room | 08/10/2006 | B 370.92 SMR 2006 | 29/12/2016 | C-1 | Books |